Word importation into Bantu language. (Record no. 89962)
[ view plain ]
| 000 -LEADER | |
|---|---|
| fixed length control field | 00842cam8a220022900 4500 |
| 001 - CONTROL NUMBER | |
| control field | tmp15746573 |
| 003 - CONTROL NUMBER IDENTIFIER | |
| control field | UPRA |
| 005 - DATE AND TIME OF LATEST TRANSACTION | |
| control field | 20190816105824.0 |
| 008 - FIXED-LENGTH DATA ELEMENTS--GENERAL INFORMATION | |
| fixed length control field | 951018r1938 ug eng u |
| 035 ## - SYSTEM CONTROL NUMBER | |
| System control number | (Sirsi) r40094 |
| 035 ## - SYSTEM CONTROL NUMBER | |
| System control number | (UPRA)tmp15746573 |
| 040 ## - CATALOGING SOURCE | |
| Transcribing agency | UPRA |
| 041 0# - LANGUAGE CODE | |
| Language code of text/sound track or separate title | engnic |
| 100 1# - MAIN ENTRY--PERSONAL NAME | |
| Personal name | Snoxall, R. A. |
| Linkage | A23857.1 |
| 245 10 - TITLE STATEMENT | |
| Title | Word importation into Bantu language. |
| 260 ## - PUBLICATION, DISTRIBUTION, ETC. | |
| Place of publication, distribution, etc. | [Kampala] : |
| Name of publisher, distributor, etc. | Uganda Printing and Pub. Co., |
| Date of publication, distribution, etc. | [1938?] |
| 500 ## - GENERAL NOTE | |
| General note | Reprinted from the Uganda journal, v. 5, no. 4, p. 267-283, April 1938. |
| 650 #0 - SUBJECT ADDED ENTRY--TOPICAL TERM | |
| Topical term or geographic name entry element | Bantu languages -- Words -- History. |
| General subdivision | Bantu languages -- Words -- History. |
| -- | Bantu languages -- Words -- History. |
| Linkage | S72875.1 |
| 650 #0 - SUBJECT ADDED ENTRY--TOPICAL TERM | |
| Topical term or geographic name entry element | Bantu languages -- Etymology. |
| General subdivision | Bantu languages -- Etymology. |
| Linkage | S72876.1 |
| 949 ## - LOCAL PROCESSING INFORMATION (OCLC) | |
| a | PL8025.3 |
| w | lcc |
| i | -48576 |
| m | MAIN |
| t | BOOK |
| l | ON-SHELF |
No items available.